00281nam a22000977a 4500008004100000082001100041100004200052245002700094260005400121300000800175260530b |||||||| |||| 00| 0 eng d a001900 aNagasampige, A V and Katti, Ranganath aGavo Vishwasya Matarah aBangalorebPoorna Prajna Samshodhan Mandirac2010 a77p